Score 0/28 Timer 04:00
2 Plays Today
Clue 4 Letter Answer % Correct
First name of Superman's longtime girlfriend, later his wifeLOIS
95.6%
Star Wars PrincessLEIA
92.8%
Hawaiian garlandsLEIS
89.1%
It runs from Ash Wednesday to Maundy ThursdayLENT
88.4%
Last name of Superman's longtime girlfriend, later his wifeLANE
84.9%
Mario ____, Nintendo racing gameKART
80.6%
Originally Lex Luthor's sister (with the alias 'Thorul'), now said to be his daughterLENA
80.1%
Superman's adoptive mother was Martha ____KENT
79.4%
Breathing organLUNG
77.6%
German author of the 'Critique of Pure Reason'KANT
72.2%
Clumsy person or doltLUNK
70.3%
First name of Superman's girlfriend when he was a teenLANA
65.9%
A culture's history and legendsLORE
61.1%
Has a trite punchlineLAME
60.3%
Clue 4 Letter Answer % Correct
Tibetan priestly titleLAMA
57.4%
Supergirl's Kryptonian nameKARA
56.4%
Superman's motherLARA
55.8%
Last name of Superman's girlfriend when he was a teenLANG
55.1%
Civil rights scholar/activist GuinierLANI
54.8%
Ancient stringed instrumentLYRE
54.7%
WKRP In Cincinnati's AndersonLONI
47.8%
Good fortuneLUCK
43%
____ Lemaris, Superman's mermaid girlfriendLORI
41.4%
Constellation, containing Vega, named for the next rungLYRA
36%
First name of the sister of Rung 1. Jimmy Olsen's girlfriendLUCY
31.4%
Gene Vincent song, Be-Bop-A-____LULA
29.6%
Supergirl set up her cousin, Superman, with ____ Lynai, Superwoman of StarylLUMA
26.4%
Superman time-travelled to Krypton and fell in love with ____ LerrolLYLA
21.3%

Today's Daily Dose

Remove Ads.
Support Sporcle.
Get the best of Sporcle when you Go Orange. This ad-free experience offers more features, more stats, and more fun while also helping to support Sporcle. Thank you for becoming a member.

You're not logged in!

Compare scores with friends on all Sporcle quizzes.
OR
Log In

Sporcle TV

Today on Sporcle TV


Watch our educational content, quiz creation guides, and fun videos on Sporcle TV.

Show Comments

Extras

Top Quizzes Today


Score Distribution

Paid Content

Your Account Isn't Verified!

In order to create a playlist on Sporcle, you need to verify the email address you used during registration. Go to your Sporcle Settings to finish the process.

Report this User

Report this user for behavior that violates our Community Guidelines.

Details: